Quizzes
Events
Quiz Creation
Community
Videos
Private Events
Remove Ads
Sign In
Join for FREE
Feedback
Dark Mode
Quiz Categories
Sports
Geography
Music
Movies
Television
Just For Fun
Miscellaneous
History
Literature
Language
Science
Gaming
Entertainment
Religion
Holiday
For Kids
Quiz Lab
Recent
Popular Today
Quiz Kudos Today
Editor Picks
Curator Picks
Quizzes by...
Day
Popularity
Type
Ratings
Length
Year
Community
Subscriptions
Recent Discussions
Orange Saloon
Badges
Playlists
Quests
Create
Leaderboards
Showdown
Live 5
Trivia Bingo
Activity
Puzzle Library
Sporcle Events
Private Events
Virtual Trivia
Globe League
Become a Host
Pub Owners
SporcleCon
Opinionation
Our Games
Videos
Blog
Mobile Apps
Partnerships
Remove Ads and Go Orange
Feedback
Movies
Disney
Marvel Cinematic Universe
Movie Resume
Movie Titles
Oscar
Actor
Actress
Director
Pixar
Role
Movie Quotes
Movie Characters
Box Office
Nominee
Best Picture
Star Wars
James Bond
Horror Movies
Movies
Disney
Marvel Cinematic Universe
Movie Resume
Movie Titles
Oscar
Actor
Actress
Director
Pixar
Role
Movie Quotes
Movie Characters
Box Office
Nominee
Best Picture
Star Wars
James Bond
Horror Movies
Random Quiz
Search Sporcle
×
Quiz Lab
Quiz Lab
Movies
Movie Titles
Type in answers that appear in a list
Type in answers that appear in a list
Classic
Best Score? Go Orange.
Rosario Dawson Movies Stats
Can you name the Movies of Rosario Dawson?
By
marylouise701
10m
33 Questions
65 Plays
65 Plays
65 Plays
Comments
Comments
Give Quiz Kudos
Give Quiz Kudos
-
- Ratings
hide this ad
Replay
Link that replays current quiz
Next Quiz
Link to next quiz in quiz playlist
You Got
0%
They Got
Avg Score
22%
Avg Friend Score
Upgrade to see
Score Distribution
Jump to the score distribution portion of the page
Score
0/33
Timer
10:00
0
Plays Today
Year
Film
% Correct
1995
Kids
67.7%
2002
Men in Black II
58.5%
2004
Alexander
52.3%
2008
Seven Pounds
52.3%
2005
Sin City
50.8%
2006
Clerks II
49.2%
2002
25th Hour
44.6%
2001
Josie and the Pussycats
38.5%
2005
Rent
38.5%
2007
Grindhouse: Death Proof
36.9%
2010
Unstoppable
26.2%
1998
He Got Game
21.5%
2003
The Rundown
20%
2007
Descent
20%
2008
Eagle Eye
20%
2010
Percy Jackson & the Olympians: The Lightning Thief
20%
2011
Zookeeper
20%
Year
Film
% Correct
2003
Shattered Glass
15.4%
2002
The Adventures of Pluto Nash
12.3%
2006
A Guide to Recognizing Your Saints
10.8%
2001
Sidewalks of New York
9.2%
1999
Light It Up
7.7%
2000
Down to You
7.7%
2004
This Revolution
7.7%
2002
Ash Wednesday
6.2%
2009
Killshot
6.2%
1998
Side Streets
4.6%
2001
Chelsea Walls
4.6%
2008
Explicit Ills
4.6%
2000
King of the Jungle
3.1%
2002
The First $20 Million is Always the Hardest
3.1%
2003
This Girl's Life
3.1%
2011
Girl Walks Into a Bar
3.1%
Quiz Playlist
Details
Report
Send in Message
Add To Playlist
Classic:
Type in answers that appear in a list
Last Updated: Feb 16, 2017
Quiz Scoreboard
CHALLENGE
Sign Up to Join the Scoreboard
Show All
Scores
Hide
Comments
May contain spoilers
Recently Published
TV Characters by Other Roles V
by ghcgh
Television
5m
Decade Duel: World Leaders
by jenniferyan
History
4m
Alphabetical 'K' Countries by Flag Minefield
by ylime102
Geography
3m
More to Explore
Quiz From the Vault
Featured Blog Post
15 Basketball Trivia Facts You Can Be March Mad About
hide this ad
You Might Also Like...
Tags
Movie Titles Quiz
Character
Today's Top Quizzes in Movies
Browse Movies
hide this ad
Today's Top Quizzes in Movie Titles
Browse Movie Titles
Top Contributed Quizzes in Movies
1
Pick 6: Harry Potter
2
Pick 6: Movie Franchises
3
Pick 6: Actors
4
Pick 6: Actresses
5
Pick 6: Disney Princesses
6
Decade Duel: Best Picture Winner
7
Movies of the Seasons
8
Decade Duel: Disney Animated Movies
9
Match The President To The Fictional Crisis
10
Movie Seasons
Explore More
Trending Topics
Kpop
Crossword
Harry Potter
NBA
Anime
Marvel
Disney
Country
Soccer
Puzzle
Pokémon
The Office
NFL
WWE
Song
hide this ad
More By:
marylouise701
Quiz
Plays
Rating
Category
Featured
Created
Rosario Dawson Movies
65
4.00
Movies
Jan 27, 2012
Colin Farrell Movies
57
2.33
Movies
Jan 30, 2012
Go to Creator's Profile
Score Distribution
Quiz Creator Spotlight
marylouise701
Follow
Send a Message
Quizzes Created
-
Created Quiz Play Count
-
More By This Creator
Popular Quizzes Today
1
Countries of Asia Without Outlines Minefield
2
Find the US States - No Outlines Minefield
3
Pick 6: Fruits
4
The Countries of the World
5
Find the Countries of Europe - No Outlines Minefield
6
Alphabetical 'K' Countries by Flag Minefield
7
Find the US States
8
US States
More Movies Quizzes
Profile: Spotlight
Editor's Pick
Trending Quizzes
Pick 6: Mountains
Pick 6: Harry Potter
Pick 6: NFL Teams
Pick 6: Flags
C Names for Actors
Recently Updated
Adaptations: Name the Title
pecheneg
NWSL Teams
pecheneg
Women's Final Four Teams by Year
bhenderson79
Presidents Quartet II
eogle
Anything But Clue(do)
eogle
Anything But Oceanian Capitals
eogle
Anything But 7
eogle
Anything But Thing
eogle
Word Ladder: February 29
pecheneg
Song Title Questions
pecheneg
Trending Topics
Crossword
Kpop
Disney
Harry Potter
NBA
Anime
Marvel
WWE
Country
The Office
Puzzle
Song
Pokémon
Soccer
NFL
Your Account Isn't Verified!
In order to create a playlist on Sporcle, you need to verify the email address you used during registration. Go to your
Sporcle Settings
to finish the process.
Report this User
Report this user for behavior that violates our
Community Guidelines
.
Details:
Send Report
Go to the Sporcle.com Mobile Site →
Comments